Human resources management simulation : Players manual

Gespeichert in:
Bibliographische Detailangaben
1. Verfasser: Smith, Jerald D.
Format: Buch
Sprache:Undetermined
Veröffentlicht: Englewood Cliffs, New Jersey Prentice-Hall 1994
Schlagworte:
Tags: Tag hinzufügen
Keine Tags, Fügen Sie den ersten Tag hinzu!
Thư viện lưu trữ: Trung tâm Học liệu Trường Đại học Cần Thơ
LEADER 00646nam a2200205Ia 4500
001 CTU_43126
008 210402s9999 xx 000 0 und d
082 |a 658.3 
082 |b S651 
100 |a Smith, Jerald D. 
245 0 |a Human resources management simulation : 
245 0 |b Players manual 
245 0 |c Jerald D Smith, Peggy A Golden 
260 |a Englewood Cliffs, New Jersey 
260 |b Prentice-Hall 
260 |c 1994 
650 |a Personnel management,personnel management 
650 |x Decision making,Simulation methods,Simulation methods 
904 |i Minh, QHieu 
980 |a Trung tâm Học liệu Trường Đại học Cần Thơ